Largest U.S. Metro Areas by GDP - Statistics

General Stats
  • This quiz has been taken 1,368 times
  • The average score is 40 of 50
Answer Stats
GDP $ (2017) Metro Area % Correct
1,717,712 New York City
100%
1,043,735 Los Angeles
99%
679,699 Chicago
98%
344,882 Miami
98%
535,499 Dallas-Fort Worth
97%
490,074 Houston
97%
500,701 San Francisco
97%
438,684 Boston
96%
356,572 Seattle
96%
444,975 Philadelphia
95%
529,990 Washington D.C.
94%
242,951 Phoenix
92%
385,542 Atlanta
91%
171,772 Portland
91%
231,845 San Diego
91%
208,868 Denver
90%
260,612 Detroit
90%
129,298 San Antonio
88%
148,750 Austin
87%
132,448 Orlando
87%
146,349 Tampa
87%
138,980 Cleveland
86%
112,288 Las Vegas
86%
76,650 Jacksonville
85%
260,106 Minneapolis-St. Paul
85%
174,029 Charlotte
84%
138,034 Cincinnati
83%
136,296 Columbus
83%
147,367 Pittsburgh
83%
133,251 Nashville
82%
161,281 St. Louis
82%
131,092 Kansas City
81%
79,290 New Orleans
81%
192,178 Baltimore
79%
143,873 Indianapolis
79%
72,503 Memphis
78%
74,884 Oklahoma City
76%
275,293 San Jose
76%
105,427 Milwaukee
75%
126,352 Sacramento
74%
83,288 Raleigh
73%
87,801 Salt Lake City
72%
76,063 Louisville
65%
67,495 Honolulu
57%
82,739 Richmond
56%
94,855 Virginia Beach
53%
82,929 Providence
52%
90,318 Hartford
48%
157,931 Riverside-San Bernardino
44%
98,256 Bridgeport, CT
24%
No matching quizzes found
Score Distribution
Percent of People with Each Score
Percentile by Number Answered
Your Score History
You have not taken this quiz